Δραστηριότητες τοπικής ιστορίας : ένα εργαλείο εφαρμογής της μεθόδου project στα σχολεία
Αποθηκεύτηκε σε:
| Κύριος συγγραφέας: | |
|---|---|
| Μορφή: | Βιβλίο |
| Γλώσσα: | Greek |
| Δημοσίευση: |
Αθήνα :
Τυπωθήτω - Γ. Δαρδανός,
2002
|
| Θέματα: | |
| Ετικέτες: |
Προσθήκη ετικέτας
Δεν υπάρχουν, Καταχωρήστε ετικέτα πρώτοι!
|
MARC
| LEADER | 00000nam a2200000 i 4500 | ||
|---|---|---|---|
| 001 | 1/43516 | ||
| 008 | 031026s2002 gre d | ||
| 020 | |a 960-8041-65-1 | ||
| 035 | |l 10071372 | ||
| 040 | |a GR-MY-UA |b gre |e aacr | ||
| 041 | 0 | |a gre | |
| 082 | 0 | |a 907 |2 (21) | |
| 100 | 1 | |a Βαινά, Μαρία. | |
| 245 | 1 | 0 | |a Δραστηριότητες τοπικής ιστορίας : |b ένα εργαλείο εφαρμογής της μεθόδου project στα σχολεία / |c Μαρία Βαϊνά ; εικονογράφηση Μάρω Μίσσιου |
| 260 | |a Αθήνα : |b Τυπωθήτω - Γ. Δαρδανός, |c 2002 | ||
| 300 | |a 76 σ.; |b εικ.; |c 24 εκ. | ||
| 500 | |a Με παράρτημα για τον εκπαιδευτικό | ||
| 650 | 0 | 0 | |a History |x Study and teaching. |
| 852 | |a INST |b LESVOS |e 20031026 |h 907 ΒΑΙ |p 005100030319 |q 005100030319 |t BK |y 0 | ||
| 901 | |a BIBL1-2004-3 | ||
| 909 | |a Λ |b 106579 | ||
| 922 | |a 1ΕΛΗ |b 200310 |c ΤΑΚ/ΠΤΕ |d ΠΑΠΑΣΩΤΗΡΙΟΥ & ΕΛΕΥΘΕΡΟΥΔΑΚΗΣ | ||
| 950 | |a 185-2003-09-09 | ||
| 970 | |a ΧΡΙΣΤΟΦΑ |b ΝΙΚΗ |z 2004/09/30 | ||